000 00540nam a22001577a 4500
003 OSt
005 20151104153107.0
008 151104b xxu||||| |||| 00| 0 eng d
040 _cRUA
082 _aFOR ស្រី​ 1994 B119 Or.1
100 _93359
_aស្រី វីរៈ
245 _aស្វែងយល់អំពីកសិកម្មពនេចរនៅព្រៃ បំរុងទុក ស្រុករមាសហែក;
260 _aPhnom Penh
_bRUA
_c1994
300 _a60p.
_bill.
_c29cm.
942 _2ddc
_cFOR
999 _c3131
_d3131